| 000 | 00796nam a22002177a 4500 | ||
|---|---|---|---|
| 999 |
_c4837 _d4837 |
||
| 003 | AR-CdUCM | ||
| 008 | 190311b ||||| |||| 00| 0 spa d | ||
| 040 |
_aMUNICIPALIDAD PROVINCIAL DEL CUSCO _cBIBLIOTECA MUNICIPAL DEL CUSCO |
||
| 082 |
_a901 / _bV14 |
||
| 100 |
_aValcárcel, Carlos Daniel _96185 |
||
| 245 | _aEnsayo de filosofía de la historia / | ||
| 260 |
_aLima : _bEdit. Científica, _c1988. |
||
| 300 |
_a101 paginas , _c 21 cm. |
||
| 505 | _aVivencia y conocimiento históricos -- Teocentrismo inicial -- Antropocentrismo clásico -- Providencialismo medieval -- Neoantropocentrismo renacentista... | ||
| 650 |
_aEnsayos _9375 |
||
| 650 |
_aTeocentrismo _914896 |
||
| 650 |
_aAntropocentrismo medieval _914897 |
||
| 710 |
_aCONCYTEC _92809 |
||
| 942 |
_2ddc _cLIBROS |
||
| 945 | _awnts | ||